Loading...
| Fine Arts - Visual Fine Arts | 4 | 1 | 1 | 0 | 65 | 38 | 62.80 | 1 | 4 |
| Literature - World Literature | 3 | 2 | 0 | 1 | 65 | 35 | 74.20 | 1 | 3 |
| Philosophy | 1 | 5 | 1 | 0 | 60 | 73 | 99.83 | 0 | 6 |
| Literature - European Literature | 2 | 3 | 0 | 1 | 60 | 20 | 82.80 | 3 | 5 |
| Literature - American Literature | 2 | 1 | 0 | 0 | 40 | 63 | 74.33 | 2 | 3 |
| Social Science | 0 | 4 | 0 | 0 | 40 | 77 | 88.75 | 1 | 4 |
| Literature - British Literature | 1 | 2 | 1 | 0 | 30 | 57 | 95.33 | 1 | 3 |
| Mythology | 0 | 4 | 2 | 1 | 30 | 103 | 113.25 | 1 | 2 |
| Pop Culture | 1 | 1 | 0 | 0 | 25 | 34 | 81.50 | 1 | 1 |
| History - Other History | 1 | 1 | 0 | 0 | 25 | 63 | 84.50 | 1 | 1 |
| History - European History | 1 | 1 | 0 | 2 | 25 | 75 | 99.50 | 0 | 0 |
| Fine Arts - Other Fine Arts | 1 | 1 | 0 | 0 | 25 | 49 | 76.50 | 1 | 1 |
| Current Events | 1 | 0 | 0 | 0 | 15 | 29 | 29.00 | 1 | 1 |
| History - American History | 0 | 2 | 1 | 1 | 15 | 80 | 92.50 | 0 | 1 |
| History - World History | 0 | 2 | 1 | 0 | 15 | 106 | 116.00 | 0 | 2 |
| Other Academic | 0 | 1 | 0 | 1 | 10 | 123 | 123.00 | 0 | 0 |
| Religion | 0 | 0 | 1 | 0 | -5 | 0.00 | 0 | 0 |